El hombre como almacén y fuente de información (Record no. 69874)

MARC details
000 -CABECERA
campo de control de longitud fija 00555nam a2200193 a 4500
005 - FECHA Y HORA DE LA ÚLTIMA TRANSACCIÓN
campo de control 20210219153148.0
008 - ELEMENTOS DE LONGITUD FIJA--INFORMACIÓN GENERAL
campo de control de longitud fija 991125n 000 0 spa u
035 ## - NÚMERO DE CONTROL DEL SISTEMA
Número de control de sistema UPN01000081272
100 ## - ASIENTO PRINCIPAL--NOMBRE PERSONAL
Nombre de persona MARKO, Hans
222 ## - TÍTULO CLAVE
Título clave EDUCACION : COLECCION SEMESTRAL DE APORTACIONES ALEMANAS RECIENTES EN CIENCIAS PEDAGOGICAS
245 ## - MENCIÓN DE TÍTULO
Título El hombre como almacén y fuente de información
300 ## - DESCRIPCIÓN FÍSICA
Extensión 22-31
362 ## - FECHAS DE PUBLICACIÓN Y/O DESIGNACIÓN SECUENCIAL
Fecha de publicación y/o designación secuencial 1971 Vol. 3
653 0# - TERMINO DE INDIZACION - NO CONTROLADO
Término no controlado INFORMACION
653 0# - TERMINO DE INDIZACION - NO CONTROLADO
Término no controlado MEMORIA
653 0# - TERMINO DE INDIZACION - NO CONTROLADO
Término no controlado SISTEMA NERVIOSO
904 ## - ELEMENTOS DE DATOS D LOCAL, LDD (RLIN)
a AC
b 019083
905 ## - TIPO DE MATERIAL
Tipo de material Articulo

No items available.